Who we are is how we pray : (Record no. 40260)
[ view plain ]
| 000 -LEADER | |
|---|---|
| fixed length control field | 00990cam a2200313 a 4500 |
| 001 - CONTROL NUMBER | |
| control field | .b20353005 |
| 005 - DATE AND TIME OF LATEST TRANSACTION | |
| control field | 20161013184415.0 |
| 008 - FIXED-LENGTH DATA ELEMENTS--GENERAL INFORMATION | |
| fixed length control field | 870814s1987 ctu 001 0 eng d |
| 010 ## - LIBRARY OF CONGRESS CONTROL NUMBER | |
| LC control number | 86050245 |
| 020 ## - INTERNATIONAL STANDARD BOOK NUMBER | |
| International Standard Book Number | 0896223213 (pbk.) |
| 020 ## - INTERNATIONAL STANDARD BOOK NUMBER | |
| International Standard Book Number | 9780896223219 (pbk.) |
| 020 ## - INTERNATIONAL STANDARD BOOK NUMBER | |
| International Standard Book Number | 0896222926 |
| 020 ## - INTERNATIONAL STANDARD BOOK NUMBER | |
| International Standard Book Number | 9780896222922 |
| 040 ## - CATALOGING SOURCE | |
| Original cataloging agency | IOL |
| Transcribing agency | IOL |
| Modifying agency | IAE |
| -- | BAKER |
| -- | BTCTA |
| -- | YDXCP |
| 042 ## - AUTHENTICATION CODE | |
| Authentication code | nbic |
| 100 1# - MAIN ENTRY--PERSONAL NAME | |
| Personal name | Keating, Charles J. |
| 245 10 - TITLE STATEMENT | |
| Title | Who we are is how we pray : |
| Remainder of title | matching personality and spirituality / |
| Statement of responsibility, etc | Charles J. Keating. |
| 260 ## - PUBLICATION, DISTRIBUTION, ETC. (IMPRINT) | |
| Place of publication, distribution, etc | Mystic, Conn. : |
| Name of publisher, distributor, etc | Twenty-third Publications, |
| Date of publication, distribution, etc | c1987. |
| 300 ## - PHYSICAL DESCRIPTION | |
| Extent | xi, 147 p. : |
| Dimensions | 22 cm. |
| 336 ## - CONTENT TYPE | |
| Content Type Term | text |
| 337 ## - MEDIA TYPE | |
| Media Type Term | unmediated |
| 338 ## - CARRIER TYPE | |
| Carrier Type Term | volume |
| 500 ## - GENERAL NOTE | |
| General note | 國科會硏究人文及社會科學硏究圖書設備計畫, 規劃主題:心理適應與心理衛生 |
| 500 ## - GENERAL NOTE | |
| General note | Includes index. |
| 650 #0 - SUBJECT ADDED ENTRY--TOPICAL TERM | |
| Topical term or geographic name as entry element | Prayer |
| General subdivision | Psychology. |
| 650 #0 - SUBJECT ADDED ENTRY--TOPICAL TERM | |
| Topical term or geographic name as entry element | Personality. |
| 650 #0 - SUBJECT ADDED ENTRY--TOPICAL TERM | |
| Topical term or geographic name as entry element | Spirituality |
| General subdivision | Catholic Church. |
| 942 ## - ADDED ENTRY ELEMENTS (KOHA) | |
| Source of classification or shelving scheme | Library of Congress Classification |
| Item type | Books |
| Withdrawn status | Lost status | Source of classification or shelving scheme | Damaged status | Not for loan | Home library | Current library | Shelving location | Date acquired | Source of acquisition | Inventory number | Total Checkouts | Full call number | Barcode | Date last seen | Price effective from | Koha item type |
|---|---|---|---|---|---|---|---|---|---|---|---|---|---|---|---|---|
| Library of Congress Classification | BSOP Library | BSOP Library | GC | 10/13/2016 | 38617 | BV225 K22 1987 | 00048617 | 10/13/2016 | 10/13/2016 | Books |
